Canadiens - Mort subite - Statistiques

Statistiques générales
  • Ce quiz a été pris 103 fois
  • Le résultat moyen est 7 sur 20
Answers on the Grid
Answers color-coded by a green-red scale on the quiz's grid according to % correct below.
Pamela Anderson
Mr. Beast
Kristen Bell
Justin Bieber
Jimmy Buffett
Jim Carrey
Cindy Crawford
Stephen Curry
Drake
Bob Dylan
Michael J. Fox
Terry Fox
Selena Gomez
Ryan Gosling
Wayne Gretzky
Carly Rae Jepsen
Avril Lavigne
Rob Lowe
Seth McFarlane
Shawn Mendes
Joni Mitchell
Alanis Morissette
Mike Myers
William Shatner
Britney Spears
Alan Thicke
Justin Trudeau
Shania Twain
The Weeknd
Neil Young
 
Statistiques - réponses
Réponse % Correct
Justin Bieber
77%
Drake
64%
Justin Trudeau
64%
The Weeknd
49%
Jim Carrey
48%
Avril Lavigne
45%
Pamela Anderson
40%
Alanis Morissette
37%
Ryan Gosling
36%
Shawn Mendes
34%
Wayne Gretzky
32%
Terry Fox
30%
Carly Rae Jepsen
27%
Michael J. Fox
23%
Shania Twain
21%
Joni Mitchell
15%
William Shatner
14%
Alan Thicke
12%
Mike Myers
11%
Neil Young
11%
Aucun quiz correspondant
Distribution des résultats
% des personnes avec chaque résultat
Percentile par nombre de réponses
Votre historique - résultats
Vous n’avez pas pris ce quiz